| 000 | 00393nam a22001457a 4500 | ||
|---|---|---|---|
| 999 |
_c24654 _d24654 |
||
| 003 | NUST | ||
| 008 | 140618b xxu||||| |||| 00| 0 eng d | ||
| 020 | _cAvailable | ||
| 038 | _aNusrat Nadeem | ||
| 082 | _a615.19 | ||
| 100 |
_aRuth Nussinov _921403 |
||
| 245 |
_aComputational Protein-Protein Interactions _cNussinov Ruth |
||
| 538 | _iBioinformatics Lab (Photocopy Book) | ||
| 942 |
_2ddc _cBK |
||